<?xml version="1.0" encoding="UTF-8"?>
<record
    xmlns:xsi="http://www.w3.org/2001/XMLSchema-instance"
    xsi:schemaLocation="http://www.loc.gov/MARC21/slim http://www.loc.gov/standards/marcxml/schema/MARC21slim.xsd"
    xmlns="http://www.loc.gov/MARC21/slim">

  <leader>05805cam a22005654i 4500</leader>
  <controlfield tag="003">PE-LiUPU</controlfield>
  <controlfield tag="005">20250731173045.0</controlfield>
  <controlfield tag="008">120206s2012    miu     r     000 0 eng d</controlfield>
  <datafield tag="020" ind1=" " ind2=" ">
    <subfield code="a">9780310492542</subfield>
    <subfield code="q">(softcover ;</subfield>
    <subfield code="q">alk. paper)</subfield>
  </datafield>
  <datafield tag="035" ind1=" " ind2=" ">
    <subfield code="a">(Sirsi) i9780310492542</subfield>
  </datafield>
  <datafield tag="035" ind1=" " ind2=" ">
    <subfield code="a">(OCoLC)775897967</subfield>
    <subfield code="z">(OCoLC)783138074</subfield>
    <subfield code="z">(OCoLC)823520890</subfield>
  </datafield>
  <datafield tag="040" ind1=" " ind2=" ">
    <subfield code="a">DLC</subfield>
    <subfield code="b">spa</subfield>
    <subfield code="c">DLC</subfield>
    <subfield code="d">BTCTA</subfield>
    <subfield code="d">OCLCO</subfield>
    <subfield code="d">ITU</subfield>
    <subfield code="d">YDXCP</subfield>
    <subfield code="d">IG#</subfield>
    <subfield code="d">VLB</subfield>
    <subfield code="d">OCLCA</subfield>
    <subfield code="d">CVN</subfield>
    <subfield code="d">OCLCA</subfield>
    <subfield code="d">TUU</subfield>
    <subfield code="d">RCT</subfield>
    <subfield code="d">OCLCQ</subfield>
    <subfield code="d">PE-LiUPU</subfield>
    <subfield code="e">rda</subfield>
  </datafield>
  <datafield tag="049" ind1=" " ind2=" ">
    <subfield code="a">PRUA</subfield>
  </datafield>
  <datafield tag="050" ind1="0" ind2="0">
    <subfield code="a">BS1938</subfield>
    <subfield code="b">.D48 2012</subfield>
  </datafield>
  <datafield tag="082" ind1="0" ind2="0">
    <subfield code="a">242.5</subfield>
    <subfield code="b">D6</subfield>
    <subfield code="2">23</subfield>
  </datafield>
  <datafield tag="245" ind1="0" ind2="0">
    <subfield code="a">Devotions on the Greek New Testament :</subfield>
    <subfield code="b">52 reflections to inspire &amp; instruct /</subfield>
    <subfield code="c">J. Scott Duvall &amp; Verlyn D. Verbrugge, editors.</subfield>
  </datafield>
  <datafield tag="264" ind1=" " ind2="1">
    <subfield code="a">Grand Rapids, Michigan :</subfield>
    <subfield code="b">Zondervan,</subfield>
    <subfield code="c">[2012].</subfield>
  </datafield>
  <datafield tag="300" ind1=" " ind2=" ">
    <subfield code="a">154 p&#xE1;ginas ;</subfield>
    <subfield code="c">21 cent&#xED;metros</subfield>
  </datafield>
  <datafield tag="336" ind1=" " ind2=" ">
    <subfield code="a">text</subfield>
    <subfield code="2">rdacontent</subfield>
  </datafield>
  <datafield tag="337" ind1=" " ind2=" ">
    <subfield code="a">unmediated</subfield>
    <subfield code="2">rdamedia</subfield>
  </datafield>
  <datafield tag="338" ind1=" " ind2=" ">
    <subfield code="a">volume</subfield>
    <subfield code="2">rdacarrier</subfield>
  </datafield>
  <datafield tag="505" ind1="0" ind2=" ">
    <subfield code="a">Matthew 1:19 Learning from Joseph's righteousness / Roy E. Ciampa -- Matthew 4:23; 9:35; 10:1,7 Extending Jesus / Scot McKnight -- Matthew 5:17-20 Jesus and the law and prophets / Scot McKnight -- Matthew 28:19-20A The great commission / Craig L. Blomberg -- Mark 1:24 Holy one of God / Gary Manning, Jr. -- Mark 2:3-5A Jesus heals the paralytic / David Wallace -- Mark 5:25-27 Discovering the main verb / Dean Deppe -- Luke 2:4-5 Mary and Joseph travel to Bethlehem / Verlyn D. Verbrugge -- Luke 18:9-14 Whose righteousness? / J. Scott Duvall -- Luke 23:34 A close-up view of forgiveness / Max J. Lee -- John 1:3, 17 ***** in John 1:1-18 / Edward W. Klink III -- John I:50-51 You and you / Dean Deppe -- John 11:38 Jesus get angry at death -- John 13:4 Taking up the cross / Matt Williams -- John 15:2-3 Play on words / William D. Mounce -- Acts 5:38-39 Conditional clauses matter / Darrell L. Bock -- Acts 20:22 Paul: bound in the spirit for Jerusalem / Mark W. Wilson -- Acts 26:14 Kicking against the goads / Ben Witherington III -- Romans 1:17 Paul's (often-missed) pointer to an Old Testament text / Roy E. Ciampa -- Romans 5:1 Peace with God / Gary M. Burge -- Romans 8:28 God and human tragedy / Craig L. Blomberg -- 1 Corinthians 3:17A God will destroy temple destroyers? / Keith Krell -- 1 Corinthians 6:11 The way some of us were / Paul Jackson -- 1 Corinthians 12:7 Why is the body of Christ important? / Michelle Lee-Barnewall -- 2 Corinthians 5: 16-17 All things new / Linda Belleville -- Galations 1:3-5 The gospel in Galations / J.R. Dodson -- Galations 3:8 God's promise to bless all nations / Mark Strauss -- Ephesians 2:19-22 The ouv-mirror of Christian salvation and Christian unity / Constantine R. Campbell -- Ephesians 5:18-22 Being filled with the spirit / David L. Mathewson -- Philippians 1:12 Knowing Christ more / David Wallace -- Philippians 2:5 The complete work of Christ / Lynn H. Cohick -- Philippians 3:7-8 One-upmanship / J.R. Dodson -- Philippians 3:20-21 Conformed to Christ / Lynn H. Cohick -- Colossians 1:24-26 Redemptive suffering and the mystery revealed / David M. Morgan -- Colossians 3:4 Christ, your life / Gary Manning, Jr. -- 1 Thessalonians 5:19-20 Quench or extinguish: what are we not supposed to do to the spirit? / Mark W. Wilson -- 2 Thessalonians 2:11-14 Behind the scenes / David M. Morgan -- 1 Timothy 6:17-19 Investments for abundant life / Linda Belleville -- 2 Timothy 1:12B Guarding the deposit / Verlyn D. Verbrugge -- 2 Timothy 3:16 All scripture / C. Marvin Pate -- Titus 2:11-14 What makes you tick? / Joel Willitts and Jameson Ross -- Philemon 10-11, 20 Persuasive puns / Kenneth Berding -- Hebrews 1:1-2A The miracle of God's speaking to us / George Guthrie -- Hebrews 10:24-25 Consider whom? Keith Krell -- James 1:5-8 How to ask for wisdom / Alan S. Bandy -- 1 Peter 1:7 The testing of faith / Constantine R. Campbell -- 2 Peter 1:5-8 Hint: He's hiding in the subject / Joel Willitts and Jameson Ross -- 1 John 3:6, 9; 5:18 Can a Christian be free from sin? Gary M. Burge -- Jude 3 Fight for the faith / William D. Mounce -- Revelation 1:4 The one who is, the one who was, and the one who is coming / Alan S. Bandy -- Revelation 2:20 When forgiveness is a sin / Max J. Lee -- Revelation 5:7 Focusing attention on Christ / David L. Mathewson.</subfield>
  </datafield>
  <datafield tag="520" ind1=" " ind2=" ">
    <subfield code="a">The main point for each devotion in this book comes from a careful reading of a passage in the Greek New Testament, not from reading an English translation. The authors use a variety of exegetical approaches in these 52 devotions - grammatical, lexical, rhetorical, sociohistorical, and linguistic - and each devotion closes with a practical application. --from back cover.</subfield>
  </datafield>
  <datafield tag="526" ind1=" " ind2=" ">
    <subfield code="a">SEG42</subfield>
  </datafield>
  <datafield tag="526" ind1=" " ind2=" ">
    <subfield code="a">SEG41</subfield>
  </datafield>
  <datafield tag="526" ind1=" " ind2=" ">
    <subfield code="a">SEG40</subfield>
  </datafield>
  <datafield tag="526" ind1=" " ind2=" ">
    <subfield code="a">SEG39</subfield>
  </datafield>
  <datafield tag="526" ind1=" " ind2=" ">
    <subfield code="a">P94</subfield>
  </datafield>
  <datafield tag="526" ind1=" " ind2=" ">
    <subfield code="a">P87</subfield>
  </datafield>
  <datafield tag="526" ind1=" " ind2=" ">
    <subfield code="a">P86</subfield>
  </datafield>
  <datafield tag="526" ind1=" " ind2=" ">
    <subfield code="a">P85</subfield>
  </datafield>
  <datafield tag="526" ind1=" " ind2=" ">
    <subfield code="a">P77</subfield>
  </datafield>
  <datafield tag="526" ind1=" " ind2=" ">
    <subfield code="a">P76</subfield>
  </datafield>
  <datafield tag="526" ind1=" " ind2=" ">
    <subfield code="a">P35</subfield>
  </datafield>
  <datafield tag="630" ind1="0" ind2="0">
    <subfield code="a">Bible.</subfield>
    <subfield code="p">New Testament.</subfield>
    <subfield code="l">Greek</subfield>
    <subfield code="v">Meditations.</subfield>
  </datafield>
  <datafield tag="630" ind1="0" ind2="0">
    <subfield code="a">Bible.</subfield>
    <subfield code="p">New Testament.</subfield>
    <subfield code="l">Greek</subfield>
    <subfield code="x">Versions.</subfield>
  </datafield>
  <datafield tag="630" ind1="0" ind2="0">
    <subfield code="a">Bible.</subfield>
    <subfield code="p">New Testament</subfield>
    <subfield code="v">Meditations.</subfield>
  </datafield>
  <datafield tag="630" ind1="0" ind2="0">
    <subfield code="a">Biblia.</subfield>
    <subfield code="p">Nuevo Testamento.</subfield>
    <subfield code="l">Griego</subfield>
    <subfield code="v">Meditaciones.</subfield>
  </datafield>
  <datafield tag="630" ind1="0" ind2="0">
    <subfield code="a">Biblia.</subfield>
    <subfield code="p">Nuevo Testamento.</subfield>
    <subfield code="l">Griego</subfield>
    <subfield code="x">Versiones.</subfield>
  </datafield>
  <datafield tag="630" ind1="0" ind2="0">
    <subfield code="a">Biblia.</subfield>
    <subfield code="p">Nuevo Testamento</subfield>
    <subfield code="v">Meditaciones.</subfield>
  </datafield>
  <datafield tag="700" ind1="1" ind2=" ">
    <subfield code="a">Duvall, J. Scott,</subfield>
    <subfield code="e">editor.</subfield>
  </datafield>
  <datafield tag="700" ind1="1" ind2=" ">
    <subfield code="a">Verbrugge, Verlyn D.,</subfield>
    <subfield code="e">editor.</subfield>
  </datafield>
  <datafield tag="910" ind1=" " ind2=" ">
    <subfield code="a">dbm</subfield>
    <subfield code="b">jck</subfield>
    <subfield code="c">jck</subfield>
    <subfield code="d">20171204</subfield>
  </datafield>
  <datafield tag="942" ind1=" " ind2=" ">
    <subfield code="2">ddc</subfield>
    <subfield code="c">BOOK</subfield>
  </datafield>
  <datafield tag="949" ind1=" " ind2=" ">
    <subfield code="a">242.5 D6</subfield>
    <subfield code="w">DEWEY</subfield>
    <subfield code="c">1</subfield>
    <subfield code="i">77323</subfield>
    <subfield code="l">CATALOGING</subfield>
    <subfield code="m">BUL</subfield>
    <subfield code="p">10.19</subfield>
    <subfield code="r">0</subfield>
    <subfield code="s">Y</subfield>
    <subfield code="t">BOOK</subfield>
    <subfield code="u">2017-12-12</subfield>
    <subfield code="x">POSGRADO</subfield>
    <subfield code="P">P85</subfield>
    <subfield code="0">DONACION</subfield>
    <subfield code="o">.STAFF. Colecci&#xF3;n Teolog&#xED;a</subfield>
  </datafield>
  <datafield tag="994" ind1=" " ind2=" ">
    <subfield code="a">C0</subfield>
    <subfield code="b">PEPRU</subfield>
  </datafield>
  <datafield tag="596" ind1=" " ind2=" ">
    <subfield code="a">1</subfield>
  </datafield>
  <datafield tag="999" ind1=" " ind2=" ">
    <subfield code="a">242.5 D6</subfield>
    <subfield code="w">DEWEY</subfield>
    <subfield code="c">26449</subfield>
    <subfield code="i">77323</subfield>
    <subfield code="f">2021-11-10</subfield>
    <subfield code="g">4</subfield>
    <subfield code="l">CCODEBUL1</subfield>
    <subfield code="m">BUL</subfield>
    <subfield code="p">10.19</subfield>
    <subfield code="r">0</subfield>
    <subfield code="s">Y</subfield>
    <subfield code="t">BOOK</subfield>
    <subfield code="u">2017-12-12</subfield>
    <subfield code="x">TEOLOGIA</subfield>
    <subfield code="P">P85</subfield>
    <subfield code="0">DONACION</subfield>
    <subfield code="o">.STAFF. Colecci&#xF3;n Teolog&#xED;a</subfield>
    <subfield code="d">26449</subfield>
  </datafield>
  <datafield tag="980" ind1=" " ind2=" ">
    <subfield code="8">1</subfield>
    <subfield code="g">ALBERTO SANCHEZ Responsable de Automatizaci&#xF3;n</subfield>
  </datafield>
  <datafield tag="952" ind1=" " ind2=" ">
    <subfield code="r">2025-12-03 00:00:00</subfield>
    <subfield code="i">5</subfield>
    <subfield code="l">0</subfield>
    <subfield code="o">242.5 D6</subfield>
    <subfield code="p">77323</subfield>
    <subfield code="t">e1</subfield>
    <subfield code="v">15.19</subfield>
    <subfield code="w">2017-12-12</subfield>
    <subfield code="x">PG</subfield>
    <subfield code="y">BK</subfield>
    <subfield code="z">inventario-2023-12-13</subfield>
    <subfield code="1">0</subfield>
    <subfield code="2">ddc</subfield>
    <subfield code="5">0</subfield>
    <subfield code="7">0</subfield>
    <subfield code="8">GEN</subfield>
    <subfield code="f">P85</subfield>
    <subfield code="a">BUL</subfield>
    <subfield code="b">BUL</subfield>
    <subfield code="c">GEN</subfield>
    <subfield code="d">2017-12-12</subfield>
    <subfield code="e">DONACION</subfield>
    <subfield code="g">10.19</subfield>
  </datafield>
</record>
